[Event "Styrian op-B"]
[Site "Bad Gleichenberg"]
[Date "2013.07.06"]
[Round "1"]
[White "Brunner, Gerhard"]
[Black "Steiner, Martin"]
[Result "1-0"]
[WhiteElo "1962"]
[BlackElo "1777"]
[PlyCount "59"]
[EventDate "2013.07.06"]
[EventType "swiss"]
[EventRounds "9"]
[EventCountry "AUT"]
[SourceTitle "EXT 2015"]
[Source "ChessBase"]
[SourceDate "2014.11.20"]
[SourceVersion "1"]
[SourceVersionDate "2014.11.20"]
[SourceQuality "1"]

1. e4 c6 2. d4 d5 3. e5 Bf5 4. h4 h6 5. g4 Be4 6. f3 Bh7 7. Bd3 Bxd3 8. Qxd3 e6 9. h5 c5 10. c3 Nd7 11. Be3 Ne7 12. f4 Nc6 13. Nf3 Rc8 14. f5 cxd4 15. fxe6 Ndxe5 16. Nxe5 Nxe5 17. exf7+ Nxf7 18. Bxd4 Qe7+ 19. Kd1 Qd7 20. Re1+ Be7 21. Qg6 Rg8 22. Nd2 Rc6 23. Qh7 Qxg4+ 24. Kc2 Kf8 25. Rxe7 Qxd4 26. Rxf7+ Kxf7 27. Rf1+ Qf6 28. Qg6+ Ke7 29. Rxf6 Rxf6 30. Qg2 1-0

[Event "AUT-ch U14"]
[Site "Tschagguns"]
[Date "2012.05.29"]
[Round "7"]
[White "Steiner, Martin"]
[Black "Calovi, Luca"]
[Result "1-0"]
[WhiteElo "1739"]
[BlackElo "1636"]
[PlyCount "65"]
[EventDate "2012.05.26"]
[EventType "swiss"]
[EventRounds "7"]
[EventCountry "AUT"]
[SourceTitle "CBM 148 Extra"]
[Source "ChessBase"]
[SourceDate "2012.06.22"]
[SourceVersion "1"]
[SourceVersionDate "2012.06.22"]
[SourceQuality "1"]

1. e4 e5 2. Nf3 Nc6 3. d3 Nf6 4. Be2 Be7 5. Nbd2 0-0 6. c3 d5 7. Qc2 Be6 8. b4 d4 9. b5 dxc3 10. Qxc3 Nd4 11. Nxe5 Nxb5 12. Qb2 Qd4 13. Nef3 Qxb2 14. Bxb2 Rac8 15. a4 Nd6 16. e5 Nd5 17. exd6 Bxd6 18. 0-0 Nf4 19. Rfe1 Bb4 20. Ba3 Bxd2 21. Nxd2 c5 22. d4 Rfd8 23. Bxc5 b6 24. Be7 Rxd4 25. Nf3 Nxe2+ 26. Rxe2 Rf4 27. Bg5 Rf5 28. Be3 Ra5 29. Bd2 Rc2 30. Rxe6 fxe6 31. Bxa5 bxa5 32. Nd4 Rc4 33. Nb3 1-0

[Event "AUT-ch U14"]
[Site "Tschagguns"]
[Date "2012.05.26"]
[Round "2"]
[White "Yilmaz, Utku"]
[Black "Steiner, Martin"]
[Result "0-1"]
[WhiteElo "1411"]
[BlackElo "1739"]
[PlyCount "46"]
[EventDate "2012.05.26"]
[EventType "swiss"]
[EventRounds "7"]
[EventCountry "AUT"]
[SourceTitle "CBM 148 Extra"]
[Source "ChessBase"]
[SourceDate "2012.06.22"]
[SourceVersion "1"]
[SourceVersionDate "2012.06.22"]
[SourceQuality "1"]

1. e4 d6 2. d4 c6 3. Bd2 Nd7 4. Nf3 e5 5. Bd3 Ngf6 6. Nc3 Be7 7. 0-0 0-0 8. Re1 Re8 9. Qe2 Bf8 10. Rad1 Qc7 11. b3 b5 12. a4 a6 13. Ra1 Bb7 14. a5 Rac8 15. Nd1 exd4 16. Nxd4 c5 17. Nf5 c4 18. bxc4 bxc4 19. Qf3 cxd3 20. Qg3 Ne5 21. f4 Nxe4 22. Rxe4 Bxe4 23. fxe5 Bxf5 0-1

[Event "Steyr op 1st"]
[Site "Steyr"]
[Date "2011.08.31"]
[Round "3"]
[White "Leichtfried, Hans Martin"]
[Black "Steiner, Martin"]
[Result "1-0"]
[WhiteElo "2060"]
[BlackElo "1781"]
[PlyCount "47"]
[EventDate "2011.08.29"]
[EventType "swiss"]
[EventRounds "7"]
[EventCountry "AUT"]
[SourceTitle "EXT 2012"]
[Source "ChessBase"]
[SourceDate "2011.11.24"]
[SourceVersion "1"]
[SourceVersionDate "2011.11.24"]
[SourceQuality "1"]

1. d4 d5 2. Nf3 c6 3. c4 Nf6 4. Nc3 e6 5. e3 Nbd7 6. Bd3 dxc4 7. Bxc4 b5 8. Bd3 a6 9. e4 c5 10. d5 c4 11. Bc2 Qc7 12. dxe6 fxe6 13. 0-0 Nc5 14. Qe2 Bb7 15. Bg5 e5 16. Rad1 Be7 17. Nd5 Nxd5 18. exd5 Bxg5 19. Nxg5 0-0-0 20. d6 Rxd6 21. Rxd6 Qxd6 22. Nf7 Qd5 23. Qg4+ Ne6 24. Be4 1-0

[Event "AUT-ch U12"]
[Site "St Poelten"]
[Date "2009.06.01"]
[Round "5"]
[White "Huber, Martin Christian"]
[Black "Steiner, Martin"]
[Result "1-0"]
[WhiteElo "1818"]
[BlackElo "1848"]
[PlyCount "69"]
[EventDate "2009.05.30"]
[EventType "swiss"]
[EventRounds "7"]
[EventCountry "AUT"]
[SourceTitle "EXT 2011"]
[Source "ChessBase"]
[SourceDate "2010.11.26"]
[SourceVersion "1"]
[SourceVersionDate "2010.11.26"]
[SourceQuality "1"]

1. d4 e6 2. c4 d5 3. Nc3 Nf6 4. cxd5 exd5 5. Bg5 Be7 6. e3 c6 7. Qc2 0-0 8. Bd3 h6 9. Bh4 Bg4 10. h3 Be6 11. Nf3 Nbd7 12. 0-0 Rc8 13. Rab1 Qc7 14. Bg3 Bd6 15. Bxd6 Qxd6 16. b4 a6 17. a4 Rfd8 18. b5 axb5 19. axb5 c5 20. Rfd1 c4 21. Be2 b6 22. Nd2 Re8 23. Bf3 Re7 24. e4 dxe4 25. Ndxe4 Nxe4 26. Nxe4 Qf4 27. Qc1 Qxc1 28. Rbxc1 Nf6 29. Nd6 Rcc7 30. d5 Bd7 31. Nxc4 Rc5 32. Nxb6 Rxb5 33. d6 Re8 34. Nxd7 Nxd7 35. Bc6 1-0

[Event "AUT-ch U08/10"]
[Site "Schwarzach"]
[Date "2008.06.07"]
[Round "4"]
[White "Steiner, Martin"]
[Black "Estomo, Jose"]
[Result "1-0"]
[WhiteElo "1377"]
[BlackElo "1316"]
[PlyCount "53"]
[EventDate "2008.06.06"]
[EventType "swiss"]
[EventRounds "7"]
[EventCountry "AUT"]
[SourceTitle "EXT 2009"]
[Source "ChessBase"]
[SourceDate "2008.11.26"]
[SourceVersion "1"]
[SourceVersionDate "2008.11.26"]
[SourceQuality "1"]

1. e4 e5 2. Nf3 Nc6 3. d4 f6 4. Nc3 Bb4 5. Bb5 a6 6. Bxc6 bxc6 7. dxe5 fxe5 8. 0-0 Nf6 9. Re1 0-0 10. Bg5 h6 11. Bd2 d6 12. a3 Bc5 13. Be3 Bxe3 14. Rxe3 Bg4 15. Qd3 d5 16. Nxe5 Qd6 17. Ng6 Rf7 18. e5 Qe6 19. exf6 Rxf6 20. Rxe6 Bxe6 21. Ne7+ Kf7 22. Nxc6 Bf5 23. Qxd5+ Kg6 24. Ne7+ Kg5 25. Ne4+ Kf4 26. Nxf6 Rf8 27. Qxf5# 1-0

[Event "AUT-ch U10"]
[Site "Mattersburg"]
[Date "2007.??.??"]
[Round "6"]
[White "Steiner, Martin"]
[Black "Andert, Thomas"]
[Result "1-0"]
[WhiteElo "1406"]
[BlackElo "1445"]
[PlyCount "55"]
[EventDate "2007.05.??"]
[EventType "swiss"]
[EventRounds "7"]
[EventCountry "AUT"]
[SourceTitle "EXT 2008"]
[Source "ChessBase"]
[SourceDate "2007.11.25"]
[SourceVersion "1"]
[SourceVersionDate "2007.11.25"]
[SourceQuality "1"]

1. c4 Nf6 2. e3 e5 3. d4 exd4 4. exd4 Qe7+ 5. Be2 Qb4+ 6. Nc3 Bd6 7. Nf3 0-0 8. 0-0 Nc6 9. a3 Qb6 10. c5 Bxc5 11. dxc5 Qxc5 12. Be3 Qh5 13. Qd3 Re8 14. Nd4 Ng4 15. h3 Nxf2 16. Rxf2 Qc5 17. b4 Qe7 18. Rf3 Nxd4 19. Qxd4 h6 20. Rg3 f6 21. Qg4 d5 22. Qh4 Rd8 23. Rd1 Be6 24. Bd4 g5 25. Qxh6 Qd6 26. Bxf6 Rd7 27. Rxg5+ Kf7 28. Bh5# 1-0

[Event "AUT-ch U08"]
[Site "St Leonhard/Forst"]
[Date "2006.??.??"]
[Round "4"]
[White "Steiner, Martin"]
[Black "Mueller, Philip1"]
[Result "1-0"]
[WhiteElo "1467"]
[BlackElo "1200"]
[PlyCount "59"]
[EventDate "2006.05.??"]
[EventType "swiss"]
[EventRounds "7"]
[EventCountry "AUT"]
[SourceTitle "EXT 2009"]
[Source "ChessBase"]
[SourceDate "2008.11.26"]
[SourceVersion "1"]
[SourceVersionDate "2008.11.26"]
[SourceQuality "1"]

1. c4 d5 2. cxd5 Qxd5 3. Nc3 Qd8 4. g3 e5 5. Bg2 g6 6. e3 Bg7 7. Nge2 Bd7 8. 0-0 Nc6 9. d3 f5 10. Bd2 Nf6 11. Qc2 a6 12. a3 Qe7 13. Rfe1 e4 14. dxe4 fxe4 15. Nxe4 Nxe4 16. Bxe4 Qf7 17. Bg2 Rf8 18. Qe4+ Ne7 19. Bb4 Bf6 20. Rad1 Rd8 21. Nc3 Bc6 22. Nd5 Bxd5 23. Rxd5 Rxd5 24. Bxe7 Qxe7 25. Qxd5 Bxb2 26. Qxb7 Qf7 27. Qc8+ Ke7 28. Qxc7+ Ke8 29. Bc6+ Qd7 30. Qxd7# 1-0